000 nam a22 7a 4500
999 _c21432
_d21432
008 170121b xxu||||| |||| 00| 0 eng d
020 _a9780812378689
050 _aLB 1031 .W75 1994
100 _aBlau, Sheridan
245 _aThe writer's craft/
_c senior author, Sheridan Blau ; consulting author, Peter Elbow ; special contributing authors, Don Killgallon, Rebekah Caplan ; senior consultants, Arthur Applebee, Judith Langer.
260 _aEvanston, Ill. :
_bMcDougal, Littell,
_c1994.
300 _a3 volumes :
_b illustrations (some color) ;
_c24cm.
521 _aIncludes index.
650 _aEnglish language -- Composition and exercises.
650 _aEnglish language -- Grammar -- 1950-
942 _2lcc
_cBOOKS
_hLB 1031 .W75 1994